Waiting for the Bus: Violent Femmes Lyrics - Statistics

General Stats
  • This quiz has been taken 10 times
  • The average score is 51 of 97
Answer Stats
Lyrics % Correct
and
100%
and
100%
bus
100%
bus
100%
drive
100%
driver
100%
driver
100%
for
100%
mister
100%
mister
100%
so
100%
the
100%
the
100%
the
100%
the
100%
the
100%
the
100%
waiting
100%
date
80%
guy
80%
his
80%
I
80%
I
80%
late
80%
man
80%
man
80%
to
80%
we
80%
we
80%
about
60%
be
60%
call
60%
city
60%
do
60%
don't
60%
fast
60%
forgot
60%
go
60%
hey
60%
hey
60%
mayor
60%
my
60%
on
60%
slow
60%
slow
60%
thing
60%
us
60%
us
60%
corner
40%
get
40%
get
40%
got
40%
got
40%
got
40%
gotta
40%
keeps
40%
kids
40%
like
40%
like
40%
looks
40%
looks
40%
mother
40%
past
40%
precious
40%
say
40%
say
40%
slipping
40%
somebody
40%
somewhere
40%
standing
40%
time
40%
you
40%
you
40%
you
40%
all
20%
all
20%
complain
20%
damn
20%
her
20%
it
20%
it
20%
know
20%
let's
20%
let's
20%
mad
20%
that
20%
that
20%
again
0%
cause
0%
city's
0%
done
0%
in
0%
moves
0%
tied
0%
traffic
0%
up
0%
what
0%
No matching quizzes found
Score Distribution
Percent of People with Each Score
Percentile by Number Answered
Your Score History
You have not taken this quiz